Super course in computer science / (Record no. 61813)

MARC details
000 -LEADER
fixed length control field 00527nam a22001577a 4500
005 - DATE AND TIME OF LATEST TRANSACTION
control field 20120202124619.0
008 - FIXED-LENGTH DATA ELEMENTS--GENERAL INFORMATION
fixed length control field 120202t xxu||||| |||| 00| 0 eng d
020 ## - INTERNATIONAL STANDARD BOOK NUMBER
International Standard Book Number 8188951072
Terms of availability 450.00
035 ## - SYSTEM CONTROL NUMBER
System control number B-228786
040 ## - CATALOGING SOURCE
Original cataloging agency DPL
Language of cataloging ENG
245 ## - TITLE STATEMENT
Title Super course in computer science /
260 ## - PUBLICATION, DISTRIBUTION, ETC. (IMPRINT)
Place of publication, distribution, etc New Delhi
Name of publisher, distributor, etc GBD Books
Date of publication, distribution, etc 2005
300 ## - PHYSICAL DESCRIPTION
Extent various pages
Dimensions 22 cms.
942 ## - ADDED ENTRY ELEMENTS (KOHA)
Source of classification or shelving scheme Dewey Decimal Classification
Item type English Books
Classification part 004
Call number suffix GBD
Holdings
Withdrawn status Lost status Source of classification or shelving scheme Damaged status Not for loan Collection code Home library Current library Shelving location Date acquired Cost, normal purchase price Total Checkouts Full call number Barcode Date last seen Cost, replacement price Koha item type
    Dewey Decimal Classification     Non-fiction Sarojini Nagar Sarojini Nagar General Stacks 02/02/2012 150.00   004 GBD B-228786 02/02/2012 150.00 English Books

© Delhi Public Library
Hit Counter
free hit counter